| 000 | 00352nam a22001577a 4500 | ||
|---|---|---|---|
| 003 | SGT | ||
| 020 | _a978-93-5152-402-1 | ||
| 082 |
_a150 _bP14S |
||
| 100 | _aSHARDA, POONAM | ||
| 245 | _aPSYCHOLOGY & SOCIOLOGY NURSING FOR GNM | ||
| 250 | _a2ND | ||
| 260 |
_aINDIA _bJAYPEE _c2014 |
||
| 300 | _a97 | ||
| 650 | _aPSYCHOLOGY | ||
| 942 |
_2ddc _cBK _053 |
||
| 999 |
_c10810 _d10810 |
||